000 01632nmm a2200253 i 4500
001 174898
003 ES-MaACL
005 20250622043708.0
008 100621s2010 sp m | | 101 m spa d
080 _a631.95
080 _a366.1:17
245 0 0 _aAgroecología, consumo responsable y educación alimentaria en el contexto de la Unión Europea :
_bAteneo de Madrid, 10 de abril de 2010 [
_hGrabación sonora] /
_crealizado, grabado y editado por Pablo Morán y Miguel Angulo.
260 _a[Madrid] :
_bP. Morán y M. Angulo,
_c2010.
300 _a1 disco compacto (CD-DA) ;
_c12 cm.
505 8 _aContiene: 1. El Ateneo de Madrid (3' 10'') 2. Presentación de las Jornadas (16' 42'') 3 ;
_tSoja transgénica y multinacionales. Hambre y contaminación /
_rCristina Delgado (9' 26'') 4. --
_tLa UE como agente de la inseguridad alimentaria /
_rPilar Galindo (11' 18'') 5. --
_tExclusión, menores y educación alimentaria /
_rAmparo Caballero (14' 01'') 6. --
_tAsamblea contra la privatización de la Universidad /
_rIvana Turégano y Gonzalo Maestro (12' 19'') 7. Debate (34' 37'') 8. Poemas y canciones. Esperanza Párraga, Marco César Romero y Armando Martínez (6' 37'')
518 _aCampaña contra la Presidencia Española de la UE, 1er semestre 2010.
610 7 _aAteneo de Madrid-
_xActos culturales-
_y2010-
_vGrabaciones sonoras
_2
_9143154
650 4 _aEcología agrícola.
_912000
650 4 _aDesarrollo sostenible-
_vCongresos y asambleas.
_911818
700 1 _aMorán, Pablo.
_9143156
700 1 _aAngulo, Miguel.
_9143155
852 4 _aES-MaACL
_jROT 2/6/1
_z- CD-DA
999 _c174898
_d174898